000 00936nam a2200265 i 4500
001 bg
100 1 _aŚWIRSKA-KALINOWSKA, Janina
245 1 0 _aMetodyka nauczania produkcji zwierzęcej /
_cJanina Świrska-Kalinowska.
250 _aWyd. 2 popr. i poszerz.
260 _aWarszawa :
_bWydaw. SGGW,
_c1995.
300 _a89, [1] s. ;
_c24 cm.
490 1 _aSkrypty Szkoły Głównej Gospodarstwa Wiejskiego w Warszawie
504 _aBibliogr. przy rozdz.
521 _aDla słuchaczy studiów pedagogicznych przy akademiach rolniczych oraz dla nauczycieli techników rolniczych.
650 9 _aZootechnika
_xnauczanie
_xmetody
655 _aPodręczniki akademickie
830 _aSkrypty Szkoły Głównej Gospodarstwa Wiejskiego w Warszawie
020 _a8300026657
040 _cBPK
041 0 _apl
080 _a372.863.6(075.8)
920 _a83-00-02665-7
942 _cKS
008 s pl f |000 0 pol
999 _c34469
_d34469
856 _uhttp://koha.tu.koszalin.pl/cgi-bin/koha/opac-detail.pl?biblionumber=34469
_yKatalog online BPK